000
00309nam a2200109Ia 4500
008
240109s9999 xx 000 0 und d
041
_a
eng
100
_a
Taylor and Steward
245
_a
Handbook of Financial Sales & Marketing Management
260
_b
Cassell Educational Ltd,London
650
_a
Management
999
_c
1021991
_d
1021991